00537nam a2200121Ia 4500008004100000024005400041082001900095100007300114245006200187260002600249600002200275856011800297260210s9999 xx 000 0 und d a19B-005-PE, 19B-008-PE, 19B-026-PE and 19B-041-PE a621.312136 KAM aMuhammad Kamal, Fahad Mansoor, Waseel Khalid and Muhammad Sadiq Khan 0aPower generatin using savonius vertical axis wind turbine aKarachi:bUITU,c2019 aPower Engineering uhttps://drive.google.com/file/d/16C1X5hNK3M0GoA3q2ly8NLbjgDaJQGDA/view?usp=sharingyClick here for online reading